| 000 | 00326nam a2200121Ia 4500 | ||
|---|---|---|---|
| 008 | 210430s9999 xx 000 0 und d | ||
| 082 | _a518.02462 S2911 A | ||
| 100 |
_aRobert _954345 |
||
| 245 |
_aApplied Numerical Methods For Engineering _cRobert |
||
| 260 |
_aindia _bBrooks _c2007 |
||
| 300 | _a715 p | ||
| 942 |
_cBK _2ddc |
||
| 999 |
_c564904 _d564904 |
||